书目信息 |
| 题名: |
建设工程招投标实务一本通
|
|
| 作者: | 陈旭 , 陈锦铭 编著 | |
| 分册: | ||
| 出版信息: | 徐州 中国矿业大学出版社 2010.01 |
|
| 页数: | 12, 339页 | |
| 开本: | 23cm | |
| 丛书名: | ||
| 单 册: | ||
| 中图分类: | TU723 | |
| 科图分类: | ||
| 主题词: | 建筑工程--jian zhu gong cheng--招标 , 建筑工程--jian zhu gong cheng--投标 | |
| 电子资源: | ||
| ISBN: | 978-7-5646-0567-4 | |
| 000 | 00913nam0 2200253 450 | |
| 001 | 012010938874 | |
| 005 | 20100415103313.25 | |
| 010 | @a978-7-5646-0567-4@dCNY35.00 | |
| 100 | @a20100415d2010 em y0chiy0120 ea | |
| 101 | 0 | @achi |
| 102 | @aCN@b320000 | |
| 105 | @aak z 000yy | |
| 106 | @ar | |
| 200 | 1 | @a建设工程招投标实务一本通@Ajian she gong cheng zhao tou biao shi wu yi ben tong@f陈旭, 陈锦铭编著@Fbian zhu chen xu,chen jin ming |
| 210 | @a徐州@c中国矿业大学出版社@d2010.01 | |
| 215 | @a12, 339页@c图@d23cm | |
| 330 | @a本书内容涉及建设工程招投标管理中经常遇到的带有普遍意义而又容易在概念上混淆的,或者在操作上经常出现的问题。 | |
| 606 | 0 | @a建筑工程@Ajian zhu gong cheng@x招标 |
| 606 | 0 | @a建筑工程@Ajian zhu gong cheng@x投标 |
| 690 | @aTU723@v4 | |
| 701 | 0 | @a陈旭@Achen xu@4编著 |
| 701 | 0 | @a陈锦铭@Achen jin ming@4编著 |
| 801 | 0 | @aCN@bQSSK@c20100415 |
| 905 | @b778209-13@dTU723@eC608@f5 | |
| 建设工程招投标实务一本通/陈旭, 陈锦铭编著.-徐州:中国矿业大学出版社,2010.01 |
| 12, 339页:图;23cm |
| ISBN 978-7-5646-0567-4:CNY35.00 |
| 本书内容涉及建设工程招投标管理中经常遇到的带有普遍意义而又容易在概念上混淆的,或者在操作上经常出现的问题。 |
| ● |
| 相关链接 |
|
|
|
正题名:建设工程招投标实务一本通
索取号:TU723/C608
 
预约/预借
| 序号 | 登录号 | 条形码 | 馆藏地/架位号 | 状态 | 备注 |
| 1 | 778209 | 207782096 | 建筑库201/201建筑库 29排3列5层/ [索取号:TU723/C608] | 在馆 | |
| 2 | 778210 | 207782103 | 建筑库201/201建筑库 29排3列5层/ [索取号:TU723/C608] | 在馆 | |
| 3 | 778211 | 207782112 | 管理学院资料室/101建筑库 59排1列1层/ [索取号:TU723/C608] | 在馆 | |
| 4 | 778212 | 207782121 | 管理学院资料室/101建筑库 59排1列1层/ [索取号:TU723/C608] | 在馆 | |
| 5 | 778213 | 207782130 | 建筑库201/201建筑库 29排3列5层/ [索取号:TU723/C608] | 在馆 |